000 01134cam a22001934a 4500
005 20250605164335.0
008 250528s ||||||||||||||||||||||||d
035 _a23407
040 _aGR-AtMCL
_bgre
_dGR-AtMCL
_eAACR2
245 1 _aCryptanalysis/The Appliance of Statistical Analysis in Generating Dictionaries Based in English Song Lyrics
260 _c2019
300 _a39
520 _aAcknowledgements, Abstract, Table of Contents and Figures, Introduction, Project Rationale, Project Aim and Objectives, Literature Review, Introduction, Password, Ciphers, Hash Tables, Frequency Analysis in Cryptanalysis, Historical Background, Password Cracking, Conclusions, The Software, Introduction, Innovation, Dictionaries, Data Generation Methods, Data Analysis, Technical Limitations, Further Work, Techical Impovements, Compatibility with Othe Dictionary Sources, Rainbow Tables, Conclusions, Bibliography, Appendices, LyricFA, Installation Guide for the Application and Its Components.
700 1 _aGoudosis Athanasios
_98973
700 1 _aKoukoulas Leonidas
_98974
942 _cDS
999 _c8427
_d8427